| 000 | 00689cam a22002414a 4500 | ||
|---|---|---|---|
| 003 | UPN | ||
| 005 | 20240910064235.0 | ||
| 008 | 090216s2005 es a r 000 0 spa d | ||
| 020 | _a8496083934 | ||
| 035 | _aUPN01000169340 | ||
| 040 |
_aUPN _bspa _cUPN |
||
| 049 | _aCG | ||
| 050 | 4 |
_aN7445.6 _bM6.5 |
|
| 100 | 1 |
_aMorales, Gregorio, _d1952-2015 _944535 |
|
| 245 | 1 | 3 |
_aLa isla del loco : _bescritos sobre arte / _cGregorio Morales. |
| 260 |
_aGranada, Esp. : _bAlhulia, _c2005. |
||
| 300 |
_a150 p. : _bil. |
||
| 490 | 0 |
_aMirto academia ; _v11 |
|
| 500 | _a"Publicaciones de la Academia de Buenas Letras de Granada" | ||
| 650 | 0 |
_aArte _92457 |
|
| 905 | _aLibro | ||
| 942 |
_2lcc _cLIBRO |
||
| 999 |
_c141446 _d141446 |
||